000 00718na a2200241 4500
001 19748
003 MIRAKIL
005 20181213155100.0
008 161226b tu 000 0
040 _aMilas
_btur
_cTR-AnCHP
041 _atur
082 _a363.56625
_bY56 [1972]
090 _a363.56625 Y56 [1972]
245 _a22-5 1971 Bingöl depremi
_chazırlayanlar Haluk Aktan...[ve öte.] ; editör Alkut Aytun
260 _a[Ankara]
_bİmar ve İskan Bakanlığı Mesken Genel Müdürlüğü
_c[1972]
300 _a79 s.
_c26 sm.
500 _aKaynakça var.
650 _aDepremler
_zTürkiye
651 _aBingöl
_xDepremler
700 _aAytun, Alkut
700 _aAktan, Haluk
942 _2ddc
_cBKS
999 _c6220
_d6220